[Event "Mumbai Wealth op 3rd"]
[Site "Mumbai"]
[Date "2018.01.06"]
[Round "8"]
[White "Lama, Surbir"]
[Black "Mohith, R."]
[Result "1-0"]
[WhiteElo "1978"]
[BlackElo "1671"]
[PlyCount "117"]
[EventDate "2017.12.30"]
[EventType "swiss"]
[EventRounds "9"]
[EventCountry "IND"]
[SourceTitle "CBM 182 Extra"]
[Source "ChessBase"]
[SourceDate "2018.02.23"]
[SourceVersion "1"]
[SourceVersionDate "2018.02.23"]
[SourceQuality "1"]

1. e4 c5 2. Nf3 d6 3. d4 cxd4 4. Nxd4 Nf6 5. Nc3 a6 6. Be3 e5 7. Nb3 Be6 8. Qd2 Be7 9. 0-0-0 0-0 10. Kb1 Ng4 11. Nd5 Bxd5 12. Qxd5 Nxe3 13. fxe3 Nc6 14. Bc4 Rc8 15. Qd2 b5 16. Bd5 Qb6 17. Rhf1 b4 18. Rf3 Bf6 19. Rdf1 Ne7 20. Rg3 Kh8 21. Qe2 Nxd5 22. exd5 Qc7 23. Qd3 Qc4 24. Nd2 Qxd3 25. cxd3 Rc5 26. e4 Be7 27. Nb3 Rc7 28. Na5 Bf6 29. Nc6 Rb7 30. b3 Ra8 31. Rgf3 Kg8 32. Rc1 h6 33. Rc4 a5 34. Kc2 Rb5 35. Rf1 Bg5 36. a3 bxa3 37. Ra1 a4 38. b4 Kf8 39. Rxa3 Be3 40. Kd1 Bb6 41. Rc2 Bg1 42. h3 Rb6 43. Rca2 g6 44. Rxa4 Rxa4 45. Rxa4 Kg7 46. Kc2 f5 47. Ra7+ Kf6 48. Rd7 fxe4 49. dxe4 Kg5 50. Rxd6 Kf4 51. Kd3 Ra6 52. Rf6+ Kg5 53. Rf1 Bh2 54. b5 Rb6 55. Kc4 Bf4 56. d6 Rb7 57. Rf3 Kh4 58. Rd3 Rd7 59. b6 1-0

[Event "IND-ch Challengers 55th"]
[Site "Ahmedabad"]
[Date "2017.08.13"]
[Round "1"]
[White "Mohith, R."]
[Black "Aravindh, Chithambaram VR"]
[Result "0-1"]
[WhiteElo "1832"]
[BlackElo "2579"]
[PlyCount "64"]
[EventDate "2017.08.13"]
[EventType "swiss"]
[EventRounds "13"]
[EventCountry "IND"]
[SourceTitle "CBM 180 Extra"]
[Source "ChessBase"]
[SourceDate "2017.10.06"]
[SourceVersion "1"]
[SourceVersionDate "2017.10.06"]
[SourceQuality "1"]

1. e4 g6 2. Nf3 Bg7 3. d4 d6 4. Nc3 Nf6 5. Bc4 0-0 6. Bb3 Nc6 7. 0-0 Bg4 8. Be3 e5 9. d5 Nd4 10. Re1 Nh5 11. Bc4 Bxf3 12. gxf3 Qf6 13. Be2 Nf4 14. Bxf4 Qxf4 15. Nb5 Qh4 16. c3 Bh6 17. Kg2 Nxe2 18. Qxe2 a6 19. Na3 f5 20. Qd3 Bf4 21. h3 Rf6 22. Re2 Qg5+ 23. Kh1 Qh5 24. Kg2 Raf8 25. Rf1 Bh6 26. f4 Bxf4 27. f3 Qg5+ 28. Kh1 Qg3 29. Rg2 Qxh3+ 30. Kg1 fxe4 31. Qxe4 Bg3 32. Qe2 Rf5 0-1